000 00290nam a2200121Ia 4500
008 240624s9999 xx 000 0 und d
041 _aeng
082 _a823 GRI
100 _aGRISHAM JOHN
245 _aTHEODORE BOONE YOUNG LAWYER
260 _aNew YorkClass No
_b 823 GRIa
365 _cRS
999 _c30951
_d30951